000 00458nam a22001817a 4500
003 MPLRDC
005 20220104200106.0
008 210129b ||||| |||| 00| 0 eng d
020 _a978-986-84835-0-7
082 _a296 XLG v.1
100 _a向立纲
245 _a活灵活现 第一部
_c
250 _a再版43刷
260 _a台湾
_b万世纪身心灵顾问有限公司
_c2011
300 _b
650 _a通灵术
942 _cBK
_o296 XLG v.1
999 _c66530
_d66520